Surnoms des dictateurs - Statistiques

Statistiques générales
  • Ce quiz a été pris 584 fois
  • Le résultat moyen est 8 sur 20
Statistiques - réponses
Surnoms Dictateurs % Correct
Führer Adolf Hitler
97%
Il duce Benito Mussolini
92%
Le petit père des peuples Joseph Staline
87%
El caudillo Francisco Franco
73%
Le grand Timonier Mao Zedong
70%
Lider Maximo, El commandante Fidel Castro
53%
"Le génie des génies", "Le grand soleil du XXIème siècle" Kim Jong-un
37%
Lenine Vladimir Ilitch Oulianov
36%
Le dernier dictateur d'Europe Alexandre Loukachenko
34%
Le fléau de Dieu Attila
30%
Conducător, Geniul din Carpaţi Nicolae Ceauşescu
27%
Amin Dada Idi Awo-Ongo Angoo
23%
Baby Doc Jean-Claude Duvalier
23%
Tito Josip Broz
23%
Pol Pot Saloth Sar
16%
Le négus Hailé Sélassié 1er
15%
Le petit géant, Le petit timonier Deng Xiaoping
12%
Hô Chi Minh Nguyễn Sinh Cung
9%
Frère guide Mouammar Kadhafi
8%
Marie-Antoinette sous les tropiques Imelda Marcos
6%
Aucun quiz correspondant
Distribution des résultats
% des personnes avec chaque résultat
Percentile par nombre de réponses
Votre historique - résultats
Vous n’avez pas pris ce quiz